000 01226nam a2200265Ia 4500
003 OSt
005 20220930095118.0
006 a|||||r|||| 00| 0
007 ta
008 220926b |||||||| |||| 00| 0 hin d
024 _a71740
037 _cTheses
040 _aCRL
_cCRL
_bhin
041 _2hin
_ahin
100 _aव्यास, आशुतोष, ले.
110 _aदिल्ली विश्वविद्यालय. कला संकाय. दर्शन शास्त्र विभाग
_9556920
245 0 _aश्रुति, युक्ति, अनुभव
_b भारतीय दर्यान में दर्शन की अवधारणा का पुनरीक्षण
246 _aShruti, yukti, anubhava: bhāratīya daryān mean darshan kī avadhāraṇā kā punarīkṣhaṇa
260 _c2019
300 _a141पृ0
_ap.
_ccm.
650 _aदर्शनशास्त्र
700 _aदिल्ली विश्वविद्यालय. कला संकाय. दर्शन शास्त्र विभाग
_9556921
942 _cDIS
_2CC
999 _c888349
_d888349